000 00986cam a2200133 4500500
005 20251214002607.0
041 _afre
042 _adc
100 1 0 _aFresnault-Deruelle, Pierre
_eauthor
245 0 0 _aLa bande dessinée
260 _bArmand Colin,
_c2009.
520 _aLa bande dessinée est, dans le domaine de l’image fixe, une forme moderne de narration figurative. Outre le fait qu’elle peut être utilisée comme moyen d’information, la bande dessinée est avant tout un moyen d’expression. Si l’auteur a choisi une approche largement esthétique de ce médium, il en propose également une étude historique, médiologique (les supports) et technique (noir et blanc, couleurs, rhétorique des effets produits, etc.). En bref, il s’est agi de mettre l’accent sur l’intelligence graphique de ce qu’on appelle, par ailleurs, le « IXe art ».
856 4 1 _uhttps://shs.cairn.info/la-bande-dessinee--9782200351571?lang=fr&redirect-ssocas=7080
999 _c1567200
_d1567200